[Event "Plovdiv ChessBomb op 2nd"]
[Site "Plovdiv"]
[Date "2016.07.13"]
[Round "3"]
[White "Pulev, Boris"]
[Black "Kartalov, Kiril"]
[Result "0-1"]
[WhiteElo "1149"]
[BlackElo "1640"]
[PlyCount "56"]
[EventDate "2016.07.12"]
[EventType "swiss"]
[EventRounds "7"]
[EventCountry "BUL"]
[SourceTitle "CBM 173 Extra"]
[Source "ChessBase"]
[SourceDate "2016.08.29"]
[SourceVersion "1"]
[SourceVersionDate "2016.08.29"]
[SourceQuality "1"]

1. e4 e5 2. Nf3 Nc6 3. Bc4 Be7 4. d3 Nf6 5. Nc3 0-0 6. Be3 d6 7. h3 Na5 8. Bb3 Nxb3 9. axb3 c5 10. 0-0 Bd7 11. Qd2 b5 12. Ne2 a5 13. c3 b4 14. Ng3 Qc8 15. Rac1 Qb7 16. c4 Ra6 17. Qc2 Ne8 18. Bg5 Bxg5 19. Nxg5 Nc7 20. Qe2 h6 21. Nf3 Ne6 22. Nf5 Nf4 23. Qe3 Qc8 24. N3h4 Kh7 25. Qf3 g5 26. Qg4 Rg8 27. Ne7 Bxg4 28. Nxc8 Bxc8 0-1